<?xml version="1.0" encoding="UTF-8"?>
<record
    xmlns:xsi="http://www.w3.org/2001/XMLSchema-instance"
    xsi:schemaLocation="http://www.loc.gov/MARC21/slim http://www.loc.gov/standards/marcxml/schema/MARC21slim.xsd"
    xmlns="http://www.loc.gov/MARC21/slim">

  <leader>00949    a2200289   4500</leader>
  <controlfield tag="003">CBULib</controlfield>
  <controlfield tag="005">20240112093708.0</controlfield>
  <controlfield tag="008">240112b        |||||||| |||| 00| 0 eng d</controlfield>
  <datafield tag="020" ind1=" " ind2=" ">
    <subfield code="a">9780323570152</subfield>
  </datafield>
  <datafield tag="040" ind1=" " ind2=" ">
    <subfield code="b">English</subfield>
    <subfield code="c">CBULib</subfield>
    <subfield code="e">rda</subfield>
  </datafield>
  <datafield tag="041" ind1=" " ind2=" ">
    <subfield code="a">eng</subfield>
  </datafield>
  <datafield tag="050" ind1=" " ind2=" ">
    <subfield code="a">R 727.8 But</subfield>
  </datafield>
  <datafield tag="100" ind1=" " ind2=" ">
    <subfield code="a">Buttaro, Terry Mahan</subfield>
  </datafield>
  <datafield tag="245" ind1=" " ind2=" ">
    <subfield code="a">Primary care : interprofessional collaborative pratice</subfield>
    <subfield code="c">/ by Terry Mahan Buttaro; Patricia Polgar-Bailey; Joanne Sandberg-Cook and JoAnn</subfield>
  </datafield>
  <datafield tag="250" ind1=" " ind2=" ">
    <subfield code="a">Sixth edition</subfield>
  </datafield>
  <datafield tag="260" ind1=" " ind2=" ">
    <subfield code="b">Elsevier,</subfield>
    <subfield code="c">2021</subfield>
    <subfield code="a">Missouri : </subfield>
  </datafield>
  <datafield tag="300" ind1=" " ind2=" ">
    <subfield code="a">xxiv, 1485 pages : illustrations</subfield>
  </datafield>
  <datafield tag="336" ind1=" " ind2=" ">
    <subfield code="2">rdacontent</subfield>
    <subfield code="a">Text |</subfield>
    <subfield code="b">txt</subfield>
  </datafield>
  <datafield tag="337" ind1=" " ind2=" ">
    <subfield code="2">rdamedia</subfield>
    <subfield code="a">Unmediated |</subfield>
    <subfield code="b">n</subfield>
  </datafield>
  <datafield tag="338" ind1=" " ind2=" ">
    <subfield code="2">rdacarrier</subfield>
    <subfield code="a">Volume</subfield>
    <subfield code="b">nc</subfield>
  </datafield>
  <datafield tag="650" ind1=" " ind2="0">
    <subfield code="9">1599</subfield>
    <subfield code="a">MEDICAL COOPERATION</subfield>
  </datafield>
  <datafield tag="650" ind1=" " ind2="0">
    <subfield code="9">1467</subfield>
    <subfield code="a">PRIMARY CARE ( MEDICINE)</subfield>
  </datafield>
  <datafield tag="700" ind1=" " ind2=" ">
    <subfield code="9">1600</subfield>
    <subfield code="a">Polgar-Bailey, Patricia</subfield>
  </datafield>
  <datafield tag="700" ind1=" " ind2=" ">
    <subfield code="9">1601</subfield>
    <subfield code="a">Sandberg-Cook, Joanne</subfield>
  </datafield>
  <datafield tag="700" ind1=" " ind2=" ">
    <subfield code="9">1602</subfield>
    <subfield code="a">Trybulski, JoAnn</subfield>
  </datafield>
  <datafield tag="942" ind1=" " ind2=" ">
    <subfield code="2">lcc</subfield>
    <subfield code="c">002</subfield>
  </datafield>
  <datafield tag="999" ind1=" " ind2=" ">
    <subfield code="c">83601</subfield>
    <subfield code="d">83601</subfield>
  </datafield>
  <datafield tag="952" ind1=" " ind2=" ">
    <subfield code="0">0</subfield>
    <subfield code="1">0</subfield>
    <subfield code="2">lcc</subfield>
    <subfield code="4">0</subfield>
    <subfield code="7">0</subfield>
    <subfield code="8">SOM</subfield>
    <subfield code="a">002</subfield>
    <subfield code="b">001</subfield>
    <subfield code="c">GEN</subfield>
    <subfield code="d">2024-01-12</subfield>
    <subfield code="e">DON-BOOKAID</subfield>
    <subfield code="g">144.01</subfield>
    <subfield code="l">0</subfield>
    <subfield code="o">R 727.8 But</subfield>
    <subfield code="p">905585</subfield>
    <subfield code="r">2024-01-12</subfield>
    <subfield code="t">1</subfield>
    <subfield code="w">2024-01-12</subfield>
    <subfield code="y">002</subfield>
  </datafield>
  <datafield tag="952" ind1=" " ind2=" ">
    <subfield code="0">0</subfield>
    <subfield code="1">0</subfield>
    <subfield code="2">lcc</subfield>
    <subfield code="4">0</subfield>
    <subfield code="7">0</subfield>
    <subfield code="8">SOM</subfield>
    <subfield code="a">002</subfield>
    <subfield code="b">001</subfield>
    <subfield code="c">GEN</subfield>
    <subfield code="d">2024-01-12</subfield>
    <subfield code="e">DON-BOOKAID</subfield>
    <subfield code="g">144.01</subfield>
    <subfield code="l">0</subfield>
    <subfield code="o">R 727.8 But</subfield>
    <subfield code="p">905584</subfield>
    <subfield code="r">2024-01-12</subfield>
    <subfield code="t">2</subfield>
    <subfield code="w">2024-01-12</subfield>
    <subfield code="y">002</subfield>
  </datafield>
  <datafield tag="952" ind1=" " ind2=" ">
    <subfield code="0">0</subfield>
    <subfield code="1">0</subfield>
    <subfield code="2">lcc</subfield>
    <subfield code="4">0</subfield>
    <subfield code="7">0</subfield>
    <subfield code="8">MCS</subfield>
    <subfield code="a">008</subfield>
    <subfield code="b">001</subfield>
    <subfield code="c">GEN</subfield>
    <subfield code="d">2024-01-12</subfield>
    <subfield code="e">DON-BOOKAID</subfield>
    <subfield code="g">144.01</subfield>
    <subfield code="l">0</subfield>
    <subfield code="o">R 727.8 But</subfield>
    <subfield code="p">905587</subfield>
    <subfield code="r">2024-01-12</subfield>
    <subfield code="t">3</subfield>
    <subfield code="w">2024-01-12</subfield>
    <subfield code="y">002</subfield>
  </datafield>
  <datafield tag="952" ind1=" " ind2=" ">
    <subfield code="0">0</subfield>
    <subfield code="1">0</subfield>
    <subfield code="2">lcc</subfield>
    <subfield code="4">0</subfield>
    <subfield code="7">0</subfield>
    <subfield code="8">MCS</subfield>
    <subfield code="a">008</subfield>
    <subfield code="b">001</subfield>
    <subfield code="c">GEN</subfield>
    <subfield code="d">2024-01-12</subfield>
    <subfield code="e">DON-BOOKAID</subfield>
    <subfield code="g">144.01</subfield>
    <subfield code="l">0</subfield>
    <subfield code="o">R 727.8 But</subfield>
    <subfield code="p">905586</subfield>
    <subfield code="r">2024-01-12</subfield>
    <subfield code="t">4</subfield>
    <subfield code="w">2024-01-12</subfield>
    <subfield code="y">002</subfield>
  </datafield>
</record>
